<?xml version="1.0" encoding="UTF-8"?><?xml-stylesheet type="text/xsl" href="static/style.xsl"?><OAI-PMH xmlns="http://www.openarchives.org/OAI/2.0/" xmlns:xsi="http://www.w3.org/2001/XMLSchema-instance" xsi:schemaLocation="http://www.openarchives.org/OAI/2.0/ http://www.openarchives.org/OAI/2.0/OAI-PMH.xsd"><responseDate>2026-04-28T21:21:27Z</responseDate><request verb="GetRecord" identifier="oai:uvadoc.uva.es:10324/8084" metadataPrefix="marc">https://uvadoc.uva.es/oai/request</request><GetRecord><record><header><identifier>oai:uvadoc.uva.es:10324/8084</identifier><datestamp>2021-06-29T10:26:38Z</datestamp><setSpec>com_10324_38</setSpec><setSpec>col_10324_852</setSpec></header><metadata><record xmlns="http://www.loc.gov/MARC21/slim" xmlns:doc="http://www.lyncode.com/xoai" xmlns:xsi="http://www.w3.org/2001/XMLSchema-instance" xmlns:dcterms="http://purl.org/dc/terms/" xsi:schemaLocation="http://www.loc.gov/MARC21/slim http://www.loc.gov/standards/marcxml/schema/MARC21slim.xsd">
<leader>00925njm 22002777a 4500</leader>
<datafield tag="042" ind1=" " ind2=" ">
<subfield code="a">dc</subfield>
</datafield>
<datafield tag="720" ind1=" " ind2=" ">
<subfield code="a">Igarabide Iparraguirre, Ibai</subfield>
<subfield code="e">author</subfield>
</datafield>
<datafield tag="260" ind1=" " ind2=" ">
<subfield code="c">2015</subfield>
</datafield>
<datafield tag="520" ind1=" " ind2=" ">
<subfield code="a">El presente estudio: “La educación física como entorno de trabajo de la educación en valores en Educación primaria” realiza un análisis teórico desde el modelo ecológico, sobre el potencial que tiene el área de Educación Física para promover valores, acerca de la importancia del compromiso docente para que exista dicha promoción, el uso de estrategias que resultan idóneas para ello y el enfoque educativo que se debe dar a la competitividad -como parte de la educación- para que fomente valores personales y sociales positivos. Acompañando a este enfoque teórico, se presenta una aproximación a la investigación, a través de la cual se identifican diversos aspectos resaltados como significativos en diversos centros educativos. Los resultados sirven para identificar el nivel de implicación de los profesores de Educación Física para la promoción de valores, las herramientas que usan para ello y el enfoque que dan a la competitividad como parte de la educación.</subfield>
</datafield>
<datafield tag="024" ind2=" " ind1="8">
<subfield code="a">http://uvadoc.uva.es/handle/10324/8084</subfield>
</datafield>
<datafield ind1=" " ind2=" " tag="653">
<subfield code="a">Educación física</subfield>
</datafield>
<datafield ind1=" " ind2=" " tag="653">
<subfield code="a">Educación primaria</subfield>
</datafield>
<datafield tag="245" ind1="0" ind2="0">
<subfield code="a">La educación física como entorno de trabajo en Educación Primaria</subfield>
</datafield>
</record></metadata></record></GetRecord></OAI-PMH>